000 00697nam a2200217Ia 4500
003 OSt
005 20220925202825.0
006 a|||||r|||| 00| 0
007 ta
008 220923b |||||||| |||| 00| 0 eng d
037 _cGeneral Book
040 _aRTL
_cRTL
_beng
041 _2eng
_aeng
245 0 _aStudy of public deposits in public sector enterpri
260 _aDelhi
_bUniversity of Delhi
_c1990
300 _avi, 102p
_ccm.
490 _aUniversity of Delhi, Commerce and Business (Faculty of-), Dissertation. Dissertation, University of Delhi, Commerce and Business (Faculty of-
650 _aPUBLIC SECTOR
_9264420
942 _cGB
_2CC
999 _c544212
_d544212